• 首页
  • 本馆介绍
  • 公告通知
  • 最新文献
  • 馆藏检索
  • 电子资源
  • 读者导购
  • 参考咨询
  • 我的图书馆
  • 登录
  • 详细信息显示
  • 放入我的书架
  • 预约/预借图书
  • 作者相关作品
  • 分类相关作品
  • 丛书相关作品
  • 出版社相关作品

书目信息

  • 表格格式
  • 工作单格式
  • 卡片格式
题名:
疑案探究
    
 
作者: 林福海 , 白新潮 , 侯伟 , 姚廷瑛 编
分册:  
出版信息: 郑州   河南人民出版社  1985
页数: 301页
开本: 19cm
丛书名:
单 册:
中图分类: D924.305 , D918
科图分类:
主题词: 刑事犯罪-案例--分析--中国 , 案例-刑事犯罪--分析--中国 , 法学--部门
电子资源:
ISBN:
000 00927nam0 2200325 45
001 0185001380
005 20040506083023.6
010    @dCNY1.35
091    @a6105.11
100    @a19900823d1985 em y0chiy0121 ea
101 0  @achi
102    @aCN@b410000
105    @ay z 000yy
106    @ar
200 10 @a疑案探究@Ayi an tan jiu@e刑事案件百例选析@f林福海等编
210    @a郑州@c河南人民出版社@d1985
215    @a301页@d19cm
517 1  @a刑事案件百例选析@Axing shi an jian bai li xuan xi
606    @a刑事犯罪-案例@x分析@y中国
606    @a案例-刑事犯罪@x分析@y中国
606 0  @a法学@x部门
690    @aD924.305@v3
690    @aD918
701  0 @a林福海@Alin fu hai@4编
701  0 @a白新潮@Abai xin chao@4编
701  0 @a侯伟@Ahou wei@4编
701  0 @a姚廷瑛@Ayao ting ying@4编
801  0 @aCN@b深圳图书馆@c20040506
801  2 @aCN@bNLC@c20040506
905    @f3@b141971-973@f3@b260572-574@dD918@e76
    
    疑案探究:刑事案件百例选析/林福海等编.-郑州:河南人民出版社,1985
    301页;19cm
    
    
    ISBN :CNY1.35
    
●
相关链接 在E读中查询图书 在五车中查询图书 在当当中查询图书 在豆瓣中查询图书


正题名:疑案探究     索取号:D918/76         预约/预借

序号 登录号 条形码 馆藏地/架位号 状态 备注
1 0141971   000371181   密集书库/ [索取号:D918/76] 在馆    
2 0141972   000371216   密集书库/ [索取号:D918/76] 在馆    
3 0141973   000371190   密集书库/ [索取号:D918/76] 在馆    
4 0141974   000371225   第一样本阅览室/ [索取号:D918/76] 在馆    
5 0260572   000371172   密集书库/ [索取号:D918/76] 在馆    
6 0260573   000371207   第一借阅区/ [索取号:D918/76] 在馆    
7 0260574   000371234   密集书库/ [索取号:D918/76] 在馆    
唐山师范学院图书馆 欢迎您!
大连网信软件有限公司© 版权所有